000 00703nam a2200217Ia 4500
008 160517s9999 xx 000 0 und d
050 _aB 828.45
050 _b.Al334 2016
100 _aAlberto, Mikka Aireen N.
245 2 _aA study on the outlook of male and female main characters on conflict resolution in romance wattpad stories and its comparison with wattpad's readers /
245 _cMikka Aireen N. Alberto.
260 _aLas PiƱas, Philippines :
260 _bSISC,
260 _c2016.
300 _a56 pages :
300 _billustrations ;
300 _c28 cm.
500 _aIncludes bibliographical references and appendices.
521 _aMass Communication
942 _cTH
999 _c293892
_d293892